Statistiques concernant Inazuma Eleven - Toutes les supertechniques d'Inazuma Japon

Cliquez ici pour prendre le quiz!

Statistiques générales

  • Ce quiz a été pris 2 793 fois
    (1 083 depuis la dernière actualisation)
  • Le résultat moyen est 26 sur 48

Statistiques - réponses

Joueur(s)Réponse% Correct
MarkMain céleste
95%
JackLe Mur
83%
JackLa Montagne
80%
AxelTempête de feu
74%
MarkMain dimensionnelle
71%
MarkArrêt céleste
70%
ScottyTourbillon vivant
70%
MarkPoing de la justice
69%
ShawnLoup légendaire
68%
AustinFrappe du tigre
67%
MarkPoing de la colère
65%
ArcherAspir-attaque
63%
DarrenMains de l'infini
63%
XavierMétéore géant
63%
Axel/AustinTempête du tigre
63%
HurleyTIr tsunami
63%
Axel/ShawnFeu-glacé
62%
Axel/Austin/XavierFeu-tout-puissant
62%
AxelTourbillon de feu
61%
JudeBallon illusoire
60%
XavierFrappe stellaire
59%
Nathan/ShawnOuragan
58%
ThorSumo-écrasement
58%
ShawnAnge des neiges
57%
NathanDanse d'Eole
55%
Shawn/Xavier/JudeBig bang
54%
KevinMégadragon
54%
JordanTir astral
53%
MarkTête explosive
52%
HurleyLe typhon
49%
Mark/Axel/AustinOuragan Inazuma
49%
Shawn/ThorBête du tonnerre
48%
DarrenMains du colosse
48%
AustinTir téléguidé
47%
AustinCercle d'épées
46%
Jude/CalebChamp d'énergie
46%
Jude/DavidTir puissance 2
39%
HurleyLe rouleau
37%
Mark/Axel/JudeEclair pulvérisant
36%
Shawn/XavierL'aurore
36%
SupertactiqueRoute du ciel
34%
Nathan/JackTourbillon trampoline
33%
TodDribble spectral
32%
Jude/David/CalebManchot empereur n°3
31%
JordanSprint éclair
31%
NathanTir banane
31%
ThorLame sismique
29%
SupertactiqueTyphons jumeaux
28%

Distribution des résultats

Percentile par nombre de réponses

% des personnes avec chaque résultat

Votre développement - résultats

Vous n’avez pas pris ce quiz depuis la dernière actualisation